Dogface Soldiers. (Record no. 29416)

MARC details
000 -LEADER
fixed length control field 00912nam a2200121Ia 4500
008 - FIXED-LENGTH DATA ELEMENTS--GENERAL INFORMATION
fixed length control field 220620s9999||||xx |||||||||||||| ||und||
100 ## - MAIN ENTRY--PERSONAL NAME
Personal name Büchl, Marco
245 #0 - TITLE STATEMENT
Title Dogface Soldiers.
Remainder of title The Infantry Riflemen of the Army of the United States, and the war against Hitlers Wehrmacht in the Mediterranean and Northwestern Europe.
546 ## - LANGUAGE NOTE
Language note English[eng]
650 ## - SUBJECT ADDED ENTRY--TOPICAL TERM
Topical term or geographic name entry element World War II||Army of the United States||Infantry Riflemen||European Theater of Operations||Mediterranean Theater of Operations||Bill Mauldin||Cartoons||Willie & Joe||Zweiter Weltkrieg||US Army||Infanterie||Frontsoldaten||Bill Mauldin||Cartoons||Nordwesteuropa||Mittelmeerraum||Willie & Joe||Dogface (military)
856 ## - ELECTRONIC LOCATION AND ACCESS
Uniform Resource Identifier <a href="https://library.oapen.org/bitstream/20.500.12657/32131/1/617073.pdf||https://library.oapen.org/bitstream/20.500.12657/32131/1/617073.pdf||https://library.oapen.org/bitstream/20.500.12657/32131/1/617073.pdf">https://library.oapen.org/bitstream/20.500.12657/32131/1/617073.pdf||https://library.oapen.org/bitstream/20.500.12657/32131/1/617073.pdf||https://library.oapen.org/bitstream/20.500.12657/32131/1/617073.pdf</a>
942 ## - ADDED ENTRY ELEMENTS (KOHA)
Koha item type E-Books
Holdings
Withdrawn status Lost status Damaged status Not for loan Home library Current library Date acquired Total Checkouts Date last seen Price effective from Koha item type
        Kerala University of Digital Sciences, Innovation and Technology Knowledge Centre Kerala University of Digital Sciences, Innovation and Technology Knowledge Centre 20/06/2022   20/06/2022 20/06/2022 E-Books